Tradičná slovenská vianočná kuchárka

Bibliographic Details
Main Author: Horecká, Zdenka (Author)
Other Authors: Horecký, Vladimír (Photographer)
Format: Book
Language:Slovak
PhysicalDescription:351 s. fareb. fotogr. 24 cm
Published: Žilina Georg 2013
ISBN:9788081540318
Subjects:

MARC

LEADER 00000nam a2200000 a 4500
001 vtls010574068
003 SK-MaSNL
005 20260302020323.0
008 240315s2013 xo o g 000 0 slo
015 |a SNBA2014/08 
020 |a 9788081540318  |q (viaz.) 
035 |a 4FECB3B7-D735-462E-96C4-D76D58CD0A24 
035 |a urn:nbn:sk:snk-amkc0p 
035 |a urn:nbn:sk:snk-am003qoj 
040 |a SNK  |b slo  |c SNK  |e AACR2 
041 0 |a slo 
044 |a xo  |c SK 
072 7 |a 641  |x Kuchárstvo. Potraviny. Varené jedlá  |2 konspekt 
080 |a 641.566:398.33  |2 2001 
080 |a (083.12)  |2 2001 
080 |a 641.568(437.6)  |2 2001 
100 1 |a Horecká, Zdenka  |4 aut  |9 44315 
245 1 0 |a Tradičná slovenská vianočná kuchárka  |c text: Zdenka Horecká, foto: Vladimír Horecký 
260 |a Žilina  |b Georg  |c 2013 
300 |a 351 s.  |b fareb. fotogr.  |c 24 cm 
650 0 7 |a slovenské jedlá  |2 SNKPH  |9 1621 
650 0 7 |a vianočné jedlá  |2 SNKPH  |9 110679 
650 0 7 |a Slovak cookery  |2 SNKPHeng  |9 327021 
650 0 7 |a Christmas cookery  |2 SNKPHeng  |9 326363 
655 7 |a kuchárske recepty  |2 SNKPH  |9 70493 
655 7 |a Cookbooks  |2 SNKPHeng  |9 270340 
700 1 |a Horecký, Vladimír  |4 pht  |9 44316 
919 |a 978-80-8154-031-8 
999 |c 1024663  |d 1026593 
952 |a SNK  |b SNK  |y PREZ  |7 0  |p 17A1104050  |o snkSC 158078  |i snk2014/3444  |8 0  |0 0  |1 0  |4 0  |d 2014-02-04  |f 1  |l 0  |r 2025-08-20 00:00:00  |w 2026-02-24 
952 |a SNK  |b SNK  |y VYP  |7 0  |p 17A1104051  |o snkSC 158078 D1  |i snk2014/3445  |8 0  |0 0  |1 0  |4 0  |d 2014-02-04  |l 0  |r 2026-02-24 13:35:21  |w 2026-02-24